Second India studies communications / (Record no. 124153)

MARC details
000 -LEADER
fixed length control field 00693nam a22002297a 4500
005 - DATE AND TIME OF LATEST TRANSACTION
control field 20170124105935.0
010 ## - LIBRARY OF CONGRESS CONTROL NUMBER
LC control number 890585
020 ## - INTERNATIONAL STANDARD BOOK NUMBER
Terms of availability 00.00
035 ## - SYSTEM CONTROL NUMBER
System control number 890585
037 ## - SOURCE OF ACQUISITION
Source of stock number/acquisition Cen Lib/Ret
040 ## - CATALOGING SOURCE
Original cataloging agency DPL
Language of cataloging EN
082 ## - DEWEY DECIMAL CLASSIFICATION NUMBER
Classification number 301.243
100 ## - MAIN ENTRY--PERSONAL NAME
Personal name Pavaskar,Madhoo
9 (RLIN) 9564
245 ## - TITLE STATEMENT
Title Second India studies communications /
Statement of responsibility, etc by Madhoo Pavaskar [and] R.R.Kulkarni
260 ## - PUBLICATION, DISTRIBUTION, ETC. (IMPRINT)
Place of publication, distribution, etc Bombay
Name of publisher, distributor, etc Popular prakashan
Date of publication, distribution, etc 1978
270 ## - ADDRESS
Address 35C,Tardeo road
City Bombay
Postal code 400034
300 ## - PHYSICAL DESCRIPTION
Extent viii,100p.
Dimensions 21cm(Hb)
650 ## - SUBJECT ADDED ENTRY--TOPICAL TERM
Topical term or geographic name as entry element Communication and traffic
9 (RLIN) 9565
650 ## - SUBJECT ADDED ENTRY--TOPICAL TERM
Topical term or geographic name as entry element Communication and traffic-India
9 (RLIN) 9566
700 ## - ADDED ENTRY--PERSONAL NAME
9 (RLIN) 9471
Personal name Kulkarni,R.R.
942 ## - ADDED ENTRY ELEMENTS (KOHA)
Source of classification or shelving scheme Dewey Decimal Classification
Koha item type English Books
Classification part 301.243
Call number suffix PAV
Holdings
Withdrawn status Lost status Damaged status Not for loan Home library Current library Date acquired Source of acquisition Cost, normal purchase price Total Checkouts Full call number Barcode Date last seen Copy number Cost, replacement price Price effective from Koha item type Public note
Written off       Central Library Central Library 13/06/2015 Cen Lib/Ret 0.00   301.243 PAV 890585 13/06/2015 1 0.00 13/06/2015 English Books W/d list no. 6833/18

© Delhi Public Library
Hit Counter
free hit counter